[Event "Maastricht Limburg op-C 8th"]
[Site "Maastricht"]
[Date "2014.06.08"]
[Round "4"]
[White "Katoen, Tom"]
[Black "Havenith, Julia"]
[Result "1-0"]
[WhiteElo "1398"]
[BlackElo "1570"]
[PlyCount "62"]
[EventDate "2014.06.06"]
[EventType "swiss"]
[EventRounds "7"]
[EventCountry "NED"]
[SourceTitle "EXT 2015"]
[Source "ChessBase"]
[SourceDate "2014.11.20"]
[SourceVersion "1"]
[SourceVersionDate "2014.11.20"]
[SourceQuality "1"]

1. c4 e5 2. Nc3 Nc6 3. Nf3 g6 4. e3 Bg7 5. d4 exd4 6. exd4 Qe7+ 7. Be2 Nf6 8. Bg5 h6 9. Nd5 Qd8 10. Nxf6+ Bxf6 11. Bxf6 Qxf6 12. 0-0 0-0 13. Qd2 Kh7 14. Bd3 d6 15. h3 Bxh3 16. Be4 Bd7 17. Rad1 Bg4 18. Kh2 Bxf3 19. Bxf3 Qh4+ 20. Kg1 Qg5 21. Qc3 h5 22. Rfe1 h4 23. Re3 Rfe8 24. Rde1 Rxe3 25. Rxe3 h3 26. Bxc6 h2+ 27. Kxh2 bxc6 28. d5 f6 29. dxc6 Kg8 30. Re7 Rc8 31. Qh3 Qh5 1-0

[Event "Maastricht Limburg op-C 8th"]
[Site "Maastricht"]
[Date "2014.06.08"]
[Round "5"]
[White "Katoen, Tom"]
[Black "Ten Have, Dimitri"]
[Result "1-0"]
[WhiteElo "1398"]
[BlackElo "1041"]
[PlyCount "65"]
[EventDate "2014.06.06"]
[EventType "swiss"]
[EventRounds "7"]
[EventCountry "NED"]
[SourceTitle "EXT 2015"]
[Source "ChessBase"]
[SourceDate "2014.11.20"]
[SourceVersion "1"]
[SourceVersionDate "2014.11.20"]
[SourceQuality "1"]

1. c4 e5 2. Nc3 Nc6 3. Nf3 Bc5 4. e3 d6 5. g3 f5 6. d4 Bb6 7. dxe5 Be6 8. exd6 Qxd6 9. Qxd6 cxd6 10. a3 Nf6 11. Be2 0-0 12. 0-0 Rac8 13. b3 Ne7 14. Ng5 Bd7 15. Rd1 d5 16. Nxd5 Nexd5 17. cxd5 Rc2 18. Bd3 Rc3 19. Bc4 Bd8 20. d6+ Kh8 21. Nf7+ Kg8 22. Nxd8+ Rxc4 23. bxc4 Rxd8 24. Bb2 Ne4 25. Be5 Ba4 26. Rd5 Bb3 27. Rc1 a6 28. f3 Ng5 29. Rd3 Ba2 30. Rd2 Bb3 31. Rb2 Ba4 32. Rxb7 Bc6 33. Rxg7+ 1-0

[Event "Maastricht Limburg op-C 4th"]
[Site "Maastricht"]
[Date "2010.05.24"]
[Round "6"]
[White "Van den Bosch, Arno"]
[Black "Katoen, Tom"]
[Result "0-1"]
[WhiteElo "1336"]
[BlackElo "1235"]
[PlyCount "102"]
[EventDate "2010.05.21"]
[EventType "swiss"]
[EventRounds "7"]
[EventCountry "NED"]
[SourceTitle "EXT 2011"]
[Source "ChessBase"]
[SourceDate "2010.11.26"]
[SourceVersion "1"]
[SourceVersionDate "2010.11.26"]
[SourceQuality "1"]

1. e4 c5 2. Nf3 d6 3. c3 Nc6 4. d4 cxd4 5. cxd4 Bg4 6. Be3 Nf6 7. Nc3 g6 8. Be2 Bg7 9. d5 Bxf3 10. gxf3 Ne5 11. f4 Ned7 12. Rg1 0-0 13. f5 Qa5 14. Qd2 Nc5 15. h4 Na4 16. b4 Qxb4 17. Rb1 Qxc3 18. Qxc3 Nxc3 19. Rxb7 Nxe2 20. Kxe2 Rfe8 21. Rc1 Kf8 22. Rcc7 Nxe4 23. fxg6 fxg6 24. a3 Nc3+ 25. Kd3 Nxd5 26. Rd7 Nxe3 27. fxe3 Bf6 28. a4 Bxh4 29. a5 a6 30. Ra7 Rxa7 31. Rxa7 Be1 32. Rxa6 Rb8 33. Ra7 h5 34. a6 h4 35. Rb7 Ra8 36. a7 Kf7 37. Kc4 h3 38. Kb5 h2 39. Ka6 Rxa7+ 40. Kxa7 h1Q 41. Rb1 g5 42. Rd1 Qf1 43. Kb6 Ba5+ 44. Kxa5 Qxd1 45. Ka6 g4 46. e4 g3 47. e5 g2 48. e6+ Kxe6 49. Kb7 Kd7 50. Ka8 Kc7 51. Ka7 Qa4# 0-1

[Event "Maastricht Limburg op-C 4th"]
[Site "Maastricht"]
[Date "2010.05.23"]
[Round "5"]
[White "Katoen, Tom"]
[Black "Van Ginneken, Maikel"]
[Result "1-0"]
[WhiteElo "1235"]
[BlackElo "1331"]
[PlyCount "79"]
[EventDate "2010.05.21"]
[EventType "swiss"]
[EventRounds "7"]
[EventCountry "NED"]
[SourceTitle "EXT 2011"]
[Source "ChessBase"]
[SourceDate "2010.11.26"]
[SourceVersion "1"]
[SourceVersionDate "2010.11.26"]
[SourceQuality "1"]

1. c4 f5 2. Nc3 e6 3. Nf3 Nf6 4. g3 Be7 5. Bg2 d6 6. 0-0 0-0 7. d3 Nc6 8. Bd2 Bd7 9. Rb1 Qe8 10. a3 Rb8 11. b4 a6 12. a4 Nd8 13. b5 axb5 14. axb5 b6 15. Nd4 Qg6 16. Qa4 e5 17. Nc6 Nxc6 18. bxc6 Ra8 19. Qb3 Be6 20. Nb5 Rfc8 21. Rfe1 f4 22. Rf1 Nh5 23. Nc3 Bh4 24. Nd5 Kf8 25. Be1 Bxd5 26. Bxd5 Bf6 27. Be6 Rd8 28. Rb2 e4 29. Ra2 Rxa2 30. Qxa2 exd3 31. exd3 Qxd3 32. Qa7 fxg3 33. hxg3 Nxg3 34. fxg3 Qe3+ 35. Bf2 Qxe6 36. Qxc7 Qxc4 37. Bxb6 Ke8 38. Rxf6 Qc1+ 39. Kg2 Qb2+ 40. Rf2 1-0

[Event "Maastricht Limburg op-C 4th"]
[Site "Maastricht"]
[Date "2010.05.23"]
[Round "4"]
[White "Snoeks, Pieter Jan"]
[Black "Katoen, Tom"]
[Result "1-0"]
[WhiteElo "1388"]
[BlackElo "1235"]
[PlyCount "135"]
[EventDate "2010.05.21"]
[EventType "swiss"]
[EventRounds "7"]
[EventCountry "NED"]
[SourceTitle "EXT 2011"]
[Source "ChessBase"]
[SourceDate "2010.11.26"]
[SourceVersion "1"]
[SourceVersionDate "2010.11.26"]
[SourceQuality "1"]

1. c4 c5 2. Nc3 Nc6 3. d3 Nf6 4. Nf3 g6 5. g3 Bg7 6. Bg2 0-0 7. 0-0 d6 8. Bd2 Bg4 9. Qc1 Re8 10. h3 Bd7 11. Re1 a6 12. e3 Qc8 13. Kh2 Nb4 14. Qb1 Rb8 15. a3 Nc6 16. a4 Bf5 17. Nh4 Nb4 18. e4 Bd7 19. Ne2 b5 20. Bxb4 cxb4 21. axb5 axb5 22. Rc1 Qc5 23. d4 Qh5 24. Nf4 Qh6 25. Nd3 Ng4+ 26. Kg1 Nf6 27. Nxb4 bxc4 28. Rxc4 Qd2 29. Qc1 Bh6 30. f4 Qxc1+ 31. Raxc1 e5 32. dxe5 dxe5 33. Nc6 Bxc6 34. Rxc6 Nd7 35. Rd1 Nf8 36. fxe5 Rxb2 37. Nf5 gxf5 38. Rxh6 fxe4 39. Bxe4 Rxe5 40. Re1 Ng6 41. Kf1 Re6 42. Bxg6 Rxe1+ 43. Kxe1 hxg6 44. Rh4 Kg7 45. Rf4 Rh2 46. h4 f6 47. Rf2 Rh3 48. Rg2 g5 49. hxg5 fxg5 50. Kf2 g4 51. Ke3 Kg6 52. Kf4 Kh5 53. Re2 Rh1 54. Re5+ Kg6 55. Kxg4 Kf6 56. Rf5+ Kg6 57. Rg5+ Kf6 58. Rh5 Rxh5 59. Kxh5 Kg7 60. Kg5 Kf7 61. Kh6 Kg8 62. g4 Kh8 63. g5 Kg8 64. Kg6 Kf8 65. Kh7 Kf7 66. g6+ Kf6 67. g7 Ke6 68. g8Q+ 1-0

[Event "Enschede op-C U14"]
[Site "Enschede"]
[Date "2009.08.03"]
[Round "3"]
[White "Demarre, Mathias"]
[Black "Katoen, Tom"]
[Result "0-1"]
[WhiteElo "1034"]
[BlackElo "1211"]
[PlyCount "66"]
[EventDate "2009.08.03"]
[EventType "swiss"]
[EventRounds "7"]
[EventCountry "NED"]
[SourceTitle "CBM 132 Extra"]
[Source "ChessBase"]
[SourceDate "2009.11.03"]
[SourceVersion "1"]
[SourceVersionDate "2009.11.03"]
[SourceQuality "1"]

1. e4 c5 2. Nc3 d6 3. Bb5+ Bd7 4. Bxd7+ Qxd7 5. d3 Nf6 6. f4 Nc6 7. Nf3 e6 8. 0-0 Be7 9. b3 0-0 10. Qe1 Rab8 11. Ng5 h6 12. Rf3 Nd4 13. Rf2 hxg5 14. Rb1 gxf4 15. Rxf4 Nh5 16. Rg4 g6 17. Bg5 Bxg5 18. Rxg5 Nxc2 19. Qh4 Kh8 20. Rxh5+ gxh5 21. Qxh5+ Kg8 22. Qg5+ Kh7 23. Rf1 f5 24. Rf3 Kh8 25. Rh3+ Qh7 26. Qg6 Qxh3 27. gxh3 Rg8 28. Kh1 Rxg6 29. h4 Rbg8 30. Ne2 Nd4 31. h3 Nxe2 32. h5 Rg1+ 33. Kh2 R8g2# 0-1